Obálka Náhled e-knihy:
PDF Epub
Pro půjčování e-knih musíte být přihlášeni.
Jak si půjčit online?

Anglická zahrada : psychologický thriller /

Psychologický krimithriller, inspirovaný skutečným případem zmizení dvou malých chlapců.

Uloženo v:
Hlavní autor: Klabouchová, Petra, 1980- (Autor)
Médium: E-kniha
Jazyk:Czech
Vydáno: Praha : XYZ, 2020
Vydání:1. vydání
Témata:
Tagy:
Žádné tagy
LEADER 02097nam a2200421 i 4500
001 311212
003 CZ PrSKC
005 20260601215701.0
007 ta
008 200723s2020 xr g 000 f cze
015 |a cnb003239732 
020 |a 9788075977069  |q (vázáno) :  |c Kč 369,00 
035 |a (OCoLC)1200256973 
040 |a ABG001  |b cze  |d OLA001  |e rda 
072 7 |a 821.162.3-3  |x Česká próza  |2 Konspekt 
080 |a 821.162.3-31  |2 MRF 
080 |a (0:82-312.4)  |2 MRF 
100 1 |a Klabouchová, Petra,  |d 1980-  |7 ola2006345384  |4 aut 
245 1 0 |a Anglická zahrada :  |b psychologický thriller /  |c Petra Klabouchová 
250 |a 1. vydání 
264 1 |a Praha :  |b XYZ,  |c 2020 
300 |a 286 stran ;  |c 22 cm 
336 |a text  |b txt  |2 rdacontent 
337 |a bez média  |b n  |2 rdamedia 
338 |a svazek  |b nc  |2 rdacarrier 
520 2 |a Psychologický krimithriller, inspirovaný skutečným případem zmizení dvou malých chlapců.  |b Náhlé zmizení dvou desetiletých chlapců zasáhne dramatickým způsobem do životů všech obyvatel malého městečka. Obětí bezhlavého vyšetřování se stává rodina zmizelých chlapců, stejně jako celá řada dalších místních postav. Příběh je inspirovaný skutečnými událostmi z roku 2006. Nakladatelská anotace. Kráceno. 
655 7 |a české romány  |7 fd133974  |2 czenas 
655 7 |a detektivní romány  |7 fd132010  |2 czenas 
655 7 |a thrillery (romány)  |7 fd184206  |2 czenas 
655 9 |a Czech fiction  |2 eczenas 
655 9 |a detective novels  |2 eczenas 
655 9 |a thrillers (novels)  |2 eczenas 
900 |a ABA001  |b 19 
928 9 |a Albatros Media - XYZ 
044 |a xr 
910 |a RBIT002 
998 |d 207326  |a https://core.palmknihy.cz/api/books/207326/cover?shxa0i  |b https://core.palmknihy.cz/api/books/207326/cover/400?shxa0i  |c https://core.palmknihy.cz/api/books/207326/cover/50?shxa0i  |e 2030-12-31  |g 288  |i 9788075977069  |j https://core.palmknihy.cz/api/books/207326/preview.epub  |k https://core.palmknihy.cz/api/books/207326/preview.pdf  |l   |q 49  |r 1  |s https://www.palmknihy.cz/kniha/207326  |t ebook  |y 2020  |z 0 
999 |d 311210